000 00642nam a22002177a 4500
003 DO-SdBNP
005 20180315114426.0
008 171117b 20006 nyu ||||| |||| 00| 0 spa d
020 _a9780310605355
020 _a 0310605350
040 _aBPMSU
_bspa
_cBPMSU
092 _axxxx
_bxxxx
100 1 _aBlackstock, Terri
245 1 0 _aCape Refuge/ Southern storm :
_btwo books in one /
_cTerri Blackstock.
246 1 _aSouthern storm.
260 _aGrand Rapids, MI :
_bZondervan,
_c2006.
300 _a759 p. ;
_c21 cm.
942 _2ddc
_cBK
945 _ainventariado, 2018 / dg
956 _aLOPEREZ
_b10
_c20171117
_h0041
_iBPSMU
999 _c12949
_d12949